000 00491nmm a2200169Ia 4500
008 251105s9999||||xx |||||||||||||||||und||
020 _a8497421485
041 _aspa
100 _aDíaz, Elías
245 0 _aUn itinerario intelectual. De filosofía jurídica y política
264 _a[Madrid, España] :
_bBiblioteca Nueva,
_c2003
300 _a269 páginas
490 _aEnsayo Pensamiento
650 _aLaw
856 _uhttps://public.digitaliapublishing.com/a/4983
942 _cCF
999 _c74084
_d74084